Ensayos críticos sobre S. José de Calasanz y las Escuelas Pías / (Record no. 138667)

MARC details
000 -LEADER
campo de control de longitud fija 00623nam a2200193 i 4500
001 - NÚMERO DE CONTROL
campo de control 138667
003 - IDENTIFICADOR DE NÚMERO DE CONTROL
campo de control ES-MaACL
005 - FECHA Y HORA DE LA ÚLTIMA TRANSACCIÓN
campo de control 20250826022449.0
007 - CAMPO FIJO DE DESCRIPCIÓN FÍSICA--INFORMACIÓN GENERAL
campo de control de longitud fija t|
008 - DATOS DE LONGITUD FIJA--INFORMACIÓN GENERAL
campo de control de longitud fija 070214s1976 sp r ||||1| spa d
100 1# - ENTRADA PRINCIPAL--NOMBRE DE PERSONA
Nombre de persona Sántha, György.
9 (RLIN) 103367
245 10 - MENCIÓN DEL TÍTULO
Título Ensayos críticos sobre S. José de Calasanz y las Escuelas Pías /
Mención de responsabilidad, etc. Jorge Sántha.
260 ## - PUBLICACIÓN, DISTRIBUCIÓN, ETC.
Lugar de publicación, distribución, etc. Salamanca :
Nombre del editor, distribuidor, etc. [s. n.],
Fecha de publicación, distribución, etc. 1976 (
Fabricante Imp. Calatrava)
300 ## - DESCRIPCIÓN FÍSICA
Extensión 403 p., 7 lám. ;
Dimensiones 24 cm.
600 04 - PUNTO DE ACCESO ADICIONAL DE MATERIA--NOMBRE DE PERSONA
Nombre de persona José de Calasanz,
Títulos y otros términos asociados al nombre Santo,
Fechas asociadas al nombre 1557-1648
9 (RLIN) 139773
610 24 - PUNTO DE ACCESO ADICIONAL DE MATERIA--NOMBRE DE ENTIDAD CORPORATIVA
Nombre de entidad corporativa o nombre de jurisdicción como elemento de entrada Escolapios
9 (RLIN) 3513
852 ## - LOCALIZACIÓN
Ubicación ES-MaACL
Número de control de estantería A-6265
Sublocalización o colección R.95092
Holdings
Estatus retirado Estado de pérdida Estado de daño No para préstamo Biblioteca de origen Biblioteca actual Ubicación en estantería Fecha de adquisición Fuente de adquisición Total de préstamos Signatura topográfica completa Código de barras Visto por última vez Precio de reemplazo Tipo de ítem Koha
        Biblioteca del Ateneo de Madrid Biblioteca del Ateneo de Madrid Sala Pecera Planta 1 17/01/2008     A-6265 1144296 23/02/2023 23/02/2023 Libro impreso